Real... or Fake? - Capitals - Statistics

General Stats
  • This quiz has been taken 55 times
  • The average score is 8 of 10
Answer Stats
Question Answer % Correct
Which one is a real capital city? Bogota
100%
Which one is not a real capital city? Bolivia City
100%
Which one is not a real capital city? Abidjan
83%
Which one is a real capital city? Buenos Aires
83%
Which one is a real capital city? Canberra
83%
Which one is not a real capital city? Johnston
83%
Which one is not a capital city? Los Angeles
83%
Which one is a real capital city? Ottawa
83%
Which one is not a real capital city? Johntown
67%
Which one is a real capital city? Lilongwe
50%
No matching quizzes found
Score Distribution
Percent of People with Each Score
Percentile by Number Answered
Your Score History
You have not taken this quiz